US States Containing the Letter U - Statistics

General Stats
  • This quiz has been taken 337 times
  • The average score is 7 of 8
Answer Stats
Answer % Correct
Utah
96%
Louisiana
94%
Kentucky
93%
South Carolina
93%
South Dakota
92%
Massachusetts
89%
Missouri
87%
Connecticut
83%
No matching quizzes found
Score Distribution
Percent of People with Each Score
Percentile by Number Answered
Your Score History
You have not taken this quiz